000 00700nam a2200205 i 4500
001 17941
003 ES-MaACL
005 20230906151725.0
007 t|
008 010626s1944 ag ||||1| spa d
080 _a929 Cervantes Saavedra, Miguel de
100 1 _aFitzmaurice-Kelly, James.
_951075
245 1 0 _aMiguel de Cervantes Saavedra
_b: reseña documentada de su vida /
_cJaime Fitzmaurice-Kelly.
260 _aBuenos Aires :
_bBajel,
_c1944.
300 _a243 p., [10] h. de lám. ;
_c23 cm.
500 _aBiblioteca Juan Andrade.
600 1 4 _aCervantes Saavedra, Miguel de,
_d1547-1616-
_xBiografías
_937596
852 _aES-MaACL
_jAND-53
_bR.109382
999 _c17941
_d17941